00514nam a2200145 a 450000100100000000500170001000800410002704000250006810000300009324500440012326000430016730000360021095201050024699900170035100003983920201002033749.0130724s1987 cu ac 000 0 spa d aDO-SdBNPbspacBNPHU1 aGonzález, Rafael92469510aMolinos de viento /cRafael González. aLa Habana, Cuba :bGente Nueva,c1987. a121 p. :bil., retrs. ;c20 cm. 001050718MOaGRbGRcCTd2013-07-24iLF1l0o p39839-10r2020-06-25w2020-06-25y1ZNo se presta c39329d39329